000 01457nam a2200385 a 4500
001 000109617
003 CHAP
005 20230502090620.0
008 140514s2014 mx sm |||||||spa d
010 _a106079
011 _a107051
040 _cCHAP
090 _aTesis
100 1 _aAyala Mariano, Sergio Abraham
_9127073
245 1 0 _aEfecto del número de parto de ovejas criollas en la eficiencia de un protocolo de sincronización de celos con esponjas intravaginales
_h[En línea]
_cpor Sergio Abraham Ayala Mariano y Gonzalo Ochoa Esparza.
260 _aChapingo, Méx. :
_bEl autor,
_c2014.
500 _aPara ver el contenido del material haga clic en la liga
502 _aTesis (Ing. Agr. Esp. en Zootecnia) -- UACH. Departamento de Zootecnia
590 _aBATCH-UPD
_b10
_c20141002
_lUCH01
_h0903
590 _aBATCH
_b00
_c20181121
_lUCH01
_h0758
590 _aE11695DGD
_b10
_c20140526
_lUCH01
_h1451
590 _aE6096MTM
_b05
_c20140514
_lUCH01
_h1250
590 _aE6096MTM
_b05
_c20140514
_lUCH01
_h1253
650 1 4 _aAnimales
_xApareamiento
_95855
650 1 4 _aEvaluación.
_938913
650 1 4 _aGanado lanar
_xRazas.
_945218
650 1 4 _aGanado lanar
_xReproducción.
_945220
650 1 4 _aSincronización del celo.
_9106556
700 1 _aOchoa Esparza, Gonzalo
_9127074
856 _a1
_n0000661
856 _aFinding aid
_uhttp://10.13.5.2/tesis/sist109617.pdf
_zTeclea aquí
901 _aBK
942 _cTESIS
942 _n0
999 _c106079
_d106079